Представление документа в формате MARC21

Поле Инд. ПП Название Значение
Тип записи a
Библиографический уровень a
001 Контрольный номер e899f1a324534ba6a8906e2c6d10422e
005 Дата корректировки 20170316094306.6
020 a ISBN 5-02-008878-1
040 a Служба первич. каталог. НБ ТвГУ
b Код языка каталог. rus
e Правила каталог. PSBO
041 0_ a Код языка текста rus
097 b Оператор novikova
100 1_ a Автор Сванидзе Аделаида Анатольевна
q Полное имя Сванидзе А. А.
245 10 a Заглавие Общественная роль пира в средневековой Швеции
260 a Место издания Москва
b Издательство Наука
504 a Библиография Библиогр.: с. 260 (5 назв.)
520 0_ a Аннотация Статья посвящена вопросу пиршественных сборищ в Швеции в аспекте общественно-культурного значения.
653 0_ a Ключевые слова Швеция, страна
a Ключевые слова Пир
a Ключевые слова Пирушка
a Ключевые слова Трапеза
a Ключевые слова Застолье
773 18 w Контрольный № источника RU/IS/BASE/318428008
t Название источника Северная Европа
d Место и дата издания Москва : Наука, 2003
g Прочая информация Вып. 4. - С. 248-260
901 t Тип документа a
920 a Оператор Нови